书目信息 |
| 题名: |
功效神奇的中医中药
|
|
| 作者: | 刘庚祥 著 | |
| 分册: | ||
| 出版信息: | 沈阳 辽海出版社 1998 |
|
| 页数: | 121页 | |
| 开本: | 19cm | |
| 丛书名: | 中华民族优秀传统文化丛书 | |
| 单 册: | ||
| 中图分类: | R-092 | |
| 科图分类: | 62.04 | |
| 主题词: | 中国医药学-医学史--中国--古代--青年读物 , 医学史-中国医药学--中国--古代--青年读物 | |
| 电子资源: | ||
| ISBN: | 7-80638-854-0 | |
| 000 | 00791oam2 2200265 45 | |
| 001 | 0199001535 | |
| 005 | 20090625164710.40 | |
| 009 | 0199001535 | |
| 010 | @a7-80638-854-0@dCNY15.00 | |
| 100 | @a19990101d1998 em y0chiy0121 ea | |
| 101 | 0 | @achi |
| 102 | @aCN@b210000 | |
| 105 | @ay z 000yy | |
| 200 | 10 | @a功效神奇的中医中药@Agong xiao shen qi de zhong yi zhong yao@f刘庚祥著 |
| 210 | @a沈阳@c辽海出版社@d1998 | |
| 215 | @a121页@d19cm | |
| 225 | 2 | @a中华民族优秀传统文化丛书@i科技卷 |
| 410 | 0 | @120010@a中华民族优秀传统文化丛书 |
| 606 | @a中国医药学-医学史@y中国@z古代@x青年读物 | |
| 606 | @a医学史-中国医药学@y中国@z古代@x青年读物 | |
| 690 | @aR-092@v3 | |
| 692 | @a62.04@v2 | |
| 701 | 0 | @a刘庚祥@Aliu geng xiang@4著 |
| 801 | 0 | @aCN@bNLC@c20090625 |
| 905 | @aBZT@dR-092@e3 | |
| 功效神奇的中医中药/刘庚祥著.-沈阳:辽海出版社,1998 |
| 121页;19cm.-(中华民族优秀传统文化丛书.科技卷) |
| ISBN 7-80638-854-0:CNY15.00 |
| ● |
| 相关链接 |
|
|
|
正题名:功效神奇的中医中药
索取号:R-092/3
 
预约/预借
| 序号 | 登录号 | 条形码 | 馆藏地/架位号 | 状态 | 备注 |
| 1 | 395476 | 210247053 | 中心书库中库/ 中库001架A面1列5层39/ [索取号:R-092/3] | 在馆 | |
| 2 | 395477 | 210247044 | 中心书库中库/ 中库001架A面1列5层31/ [索取号:R-092/3] | 在馆 | |
| 3 | 395478 | 210247035 | 中心书库中库/ 中库001架A面1列5层32/ [索取号:R-092/3] | 在馆 | |
| 4 | 395479 | 210247026 | 中心书库中库/ 中库001架A面1列5层33/ [索取号:R-092/3] | 在馆 | |
| 5 | 395480 | 210247017 | 中心书库中库/ 中库001架A面1列5层34/ [索取号:R-092/3] | 在馆 | |
| 6 | 395481 | 210247008 | 中心书库中库/ 中库001架A面1列5层35/ [索取号:R-092/3] | 在馆 | |
| 7 | 395482 | 210246991 | 中心书库中库/ 中库001架A面1列5层36/ [索取号:R-092/3] | 在馆 | |
| 8 | 395483 | 210246982 | 中心书库中库/ 中库001架A面1列5层30/ [索取号:R-092/3] | 在馆 | |
| 9 | 395484 | 210246973 | 中心书库中库/ 中库001架A面1列5层37/ [索取号:R-092/3] | 在馆 | |
| 10 | 395485 | 210246964 | 中心书库中库/ 中库001架A面1列5层38/ [索取号:R-092/3] | 在馆 |